Congreso Internacional de Sordomudos : que se celebrará en Roma : en Agosto de 1911 : días 22 á 27 que se celebrará en Roma :
Descripción Física:
4p. ; 26 cm
MARC
| LEADER | 00000nam a2200000Ia 4500 | ||
|---|---|---|---|
| 001 | 21334 | ||
| 003 | BGR | ||
| 005 | 20260324180015.0 | ||
| 008 | 160829s1911 xx 000 0 cat d | ||
| 080 | |a R-357, exp. 26 | ||
| 245 | |a Congreso Internacional de Sordomudos : |b que se celebrará en Roma : |b en Agosto de 1911 : |b días 22 á 27 | ||
| 260 | |a Barcelona : |b Imp. Guart, |c 1911 | ||
| 300 | |a 4p. ; |c 26 cm | ||
| 590 | |a Circular | ||
| 650 | |a Sords |x Congressos Congresso Internazionale dei Sordomuti (1911 : Roma) |9 43636 | ||
| 710 | 2 | |a Instituto Catalán de Sordomudos de Barcelona |9 71164 | |
| 901 | |a Arxiu | ||
| 942 | |n 1 |2 udc |c MON | ||
| 952 | |0 0 |1 0 |4 0 |6 R357_EXP_26 |7 1 |9 51549 |a Arxiu |b Arxiu |d 2016-12-01 |l 0 |o R-357, exp. 26 |p 21334 |r 2016-12-01 00:00:00 |w 2016-12-01 |y ARXIU | ||
| 999 | |c 55394 |d 55394 | ||